| 000 | 01036nas a2200253 454500 | ||
|---|---|---|---|
| 001 | 23607 | ||
| 005 | 20260407193506.0 | ||
| 008 | 260407s1973####ag###########|||spa#d | ||
| 003 | AR-UNSa-BCEJYS | ||
| 040 |
_aAR-UNSa-BCEJYS _bspa _cAR-UNSa-BCEJYS |
||
| 080 |
_a338 _xSituación económica. Política económica. Gestión de la economía. Planificación de la economía. Producción. Servicios. Precios |
||
| 245 | 1 | 0 | _aBoletín del Consejo Federal de Inversiones |
| 022 | _a0325-0881 | ||
| 264 | 1 |
_aBuenos Aires : _bCFI (Consejo Federal de Inversiones) _c1973 |
|
| 310 | _aFrecuencia: Bimestral Cambia de frecuencia por Mensual Cambia de título a partir del Nº 6 por El boletin CFI | ||
| 942 | _cSER | ||
| 590 | _aniveau_biblio:s niveau_hierar:1 | ||
| 100 | 1 | _aConsejo Federal de Inversiones (CFI) | |
| 650 | _aAgricultura | ||
| 650 | _aINVERSIONES | ||
| 650 | _aTecnología | ||
| 650 | _aCiencia | ||
| 856 | 4 | 1 |
_uhttps://biblioeco.unsa.edu.ar/pmb/images/revistas/Consejo Ferderal de Inversiones.jpg _yImagen de portada _qimage/jpeg |
| 999 |
_c8561 _d8561 |
||